000 01050nam a22002537a 4500
001 8801
003 FISKH
005 20251021121033.0
008 251021b cb ||||| |||| 00| 0 eng d
020 _a9780194236270
040 _aFISKH
_beng
_cFISKH
_dFISKH
050 _aPE1126.A4 H37
082 _a551.41
100 _aHardy-Gould, Janet
245 _aDeserts /
_cBy Janet Hardy-Gould
260 _aOxford :
_bOxford University Press ,
_c2009.
300 _a56 pages :
_bcolor illustrations ;
_c21 cm .
490 _aOxford Bookworms
520 _aThis full-colour series presents engaging content about interesting places and subjects. Each title features colour photographs and a glossary to help with vocabulary comprehension. Exercises and suggestions for project work are also included. The books are graded at 400- to 1,400-wordvocabulary levels. Audio CDs or cassettes are available for select titles.
650 _aTravel
_vNon-fiction
700 _aRiddiford, Gareth
_eIllustrator
942 _2ddc
_cBK
_n0
999 _c8801
_d8801